000 00675na a2200241 4500
001 18715
003 MIRAKIL
005 20181213155145.0
008 161125b tu 000 0
035 _a18715
040 _aMilas
_btur
_cTR-AnCHP
041 _atur
082 _a352.9561
_bY28 1966
090 _a352.9561 Y28 1966
100 _aYavuz, Fehmi
245 _aTürk mahalli idarelerinin yeniden düzenlenmesi üzerinde bir araştırma
_cFehmi Yavuz
260 _aAnkara
_bAnkara Üniversitesi
_c1966
300 _a192 s.
_c24 sm.
500 _aDizin var.
650 _aYerel yönetimler
_zTürkiye
650 _aMahalli idareler
_zTürkiye
942 _2ddc
_cBKS
999 _c7639
_d7639